1820 1923 1443 1803 1336 1999 1238 1498 1675 1071 1374 1223 1762 1558 1346 1324 1925 1553 1747 1915 1066 1708 1496 1729 1490 1525 1830 1649 1183 1700 1335 1696 1271 1627 1604 1100 1455 1975 1014 1121 1504 1368 1395 1927 1223 1108 1650 1819 1051 1939 1987 1325 1848 1393 1004 1366 1160 1843 1751 1134 1395 1533 1045 1967 1797 1753 1944 1226 1378 1655 1132 1892 1756 1850 1503 1481 1226 1944 1366 1369 1815 1947 1199 1551 1792 1961 1226 1218 1586 1488 1051 1988 1983 1550 1841 1512 1039 1413 1632 BCNSPRNW ULIB Ver.6.0+V

เปลี่ยนเป็นภาษาไทย

Change to English
 แสดงรายละเอียดบรรณานุกรม
  กลับหน้าหลัก

Brief Record : Get Marc (ISO 2709) : E-mail record : QR code < ปิดหน้าต่าง
LEADER : 00000nam 2200000uu 4500
001    13399114446
003     ULIB
008    110927s||||||||th 000 0 tha d
020    9786167342511
050  4 QA76.76^bอ568ร
100 0  อัมรินทร์ เพ็ชรกุล
245 00 เรียนรู้และใช้งานคอมพิวเตอร์ Windows7 และ Office2010 /^cอัมรินทร์ เพ็ชรกุล
260    กรุงเทพฯ :^bซิมพลิฟาย,^c2554
300    504 หน้า :^bภาพประกอบ
650  7 คอมพิวเตอร์
650  7 Windows7
650  7 Office2010
945    ^p199^l0^i031548
945    ^p199^l0^i031549
995    ทศพร
999 ^a ทศพร
รายการนี้ยังไม่มีแท็ก
คุณยังไม่ได้ล็อกอิน คุณสามารถมีกิจกรรมร่วมกับเว็บไซต์ได้ แต่ต้องล็อกอินก่อน ::
  ล็อกอิน

รายการสื่อสารสนเทศ

ลำดับที่ ประเภท เลขเรียก/บาร์โค้ด สถานที่ สถานะ
- ไม่พบข้อมูล -

รายการใกล้เคียง
    ผู้แต่ง [อัมรินทร์ เพ็ชรกุล]

    หัวเรื่อง [คอมพิวเตอร์]
    หัวเรื่อง [Windows7]
    หัวเรื่อง [Office2010]

BibComment


ยังไม่เคยถูกคอมเมนท์

คอมเมนท์ทรัพยากรรายการนี้
  คอมเมนท์: เรียนรู้และใช้งาน..


 Copyright 2026. Bcnsprnw @Library